000 02277cam a22004934i 4500
003 PE-LiUPU
005 20250825155943.0
008 161229s2011 xxua 0rb 001 0 eng d
020 _a0830825681
020 _a9780830825684
035 _a(Sirsi) a165768
040 _aPE-LiUPU
_bspa
_cPE-LiUPU
_erda
049 _aPRUA
082 0 4 _a227.2077
_bB16
_222
100 1 _aBailey, Kenneth E.
_eautor.
245 1 0 _aPaul through Mediterranean eyes :
_bcultural studies in 1 Corinthians /
_cKenneth E. Bailey.
264 1 _aDowners Grove, Ill. :
_bIVP Academic,
_c2011.
300 _a560 páginas :
_billustratraciones ;
_c23 centimetros
336 _atext
_2rdacontent
337 _aunmediated
_2rdamedia
338 _avolume
_2rdacarrier
504 _aBibliografía : páginas 427-435
504 _aÍndices: páginas 436-443
505 0 _aPrelude : prophetic homily style and its interpretation -- The cross and Christian unity : 1 Corinthians 1:10-4:16 -- Sex : men and women in the human family : 1 Corinthians 4:17-7:40 -- Christian and pagan : freedom and responsibility : 1 Corinthians 8:1-11:1 -- Worship : men and women in the church : 1 Corinthians 11:2-14:40 -- Resurrection : faith, Christ and victory : 1 Corinthians 15:1-58 -- Appendix 1 : common themes in 1 Corinthians and Amos -- Appendix 2 : evidence from the oriental version noted in this study.
526 _aSEG42
526 _aSEG41
526 _aSEG40
526 _aSEG39
526 _aP94
526 _aP87
526 _aP86
526 _aP85
526 _aP77
526 _aP76
526 _aP35
630 _aBiblia.
_PCorintios, 1er
_vCommentarios.
630 0 _aBiblia.
_PCorintios, 1er.
_0(OCoLC) fst01808022
_92418
910 _ajck
_bjvq
_cjck
_d20161229
942 _2ddc
_cBOOK
949 _a227.2077 B16
_wDEWEY
_c1
_i75469
_lCATALOGING
_mBUL
_p00.00
_r0
_sY
_tBOOK
_u2016-12-29
_xTEOLOGIA
_zPOSGRADO TEOLOGÍA
_0COMPRA
_o.CIRCNOTE. El documento es de alto precio.
_o.STAFF. Colección Teología
596 _a1
999 _a227.2077 B16
_wDEWEY
_c14519
_i75469
_d14519
_f2021-11-9
_g5
_lCCODEBUL1
_mBUL
_q1
_r0
_sY
_tBOOK
_u2016-12-29
_xTEOLOGIA
_PP85
_0COMPRA
_o.STAFF. Colección Teología
980 _818226
_gJaime Vilcazán Jefe de Análisis Documental